000 00352nam a22001451a 4500
082 _aM3
_bRAD/P
100 _aRadhakrishnan C
245 _aPuzhamuthal puzhavare/
_cby Radhakrishnan C
260 _aKochi:
_bHigh Tech,
_c1998.
300 _a424p.
650 _aNovel Malayalam
650 _aLiterature Malayalam
650 _aLiterature
942 _cBK
999 _c36687
_d36687